| 000 | 00942nam a2200229 i 4500 | ||
|---|---|---|---|
| 001 | bg | ||
| 100 | 1 | _aTrembowiecki, Aleksander. | |
| 245 | 1 | 0 |
_aDigitalizacja zbiorów bibliotecznych : _bteoria i praktyka / _cAleksander Trembowiecki ; Centrum Edukacji Bibliotekarskiej, Informacyjnej i Dokumentacyjnej im. Heleny Radlińskiej w Warszawie. |
| 260 |
_aWarszawa : _bWydawnictwo Centrum Edukacji Bibliotekarskiej, Informacyjnej i Dokumentacyjnej, _c2006. |
||
| 300 |
_a137 s. : _bil. (w tym kolor.) ; _c24 cm. |
||
| 504 | _aBibliogr. 131-134 s. | ||
| 650 | 9 |
_aZbiory biblioteczne _xdigitalizacja |
|
| 020 | _a8388581260 | ||
| 040 | _cBPK | ||
| 041 | 0 | _apol | |
| 044 | _aPOL | ||
| 080 | _a025.85:004.932:025.7/.9 | ||
| 920 | _a83-88581-26-0 | ||
| 942 | _cKS | ||
| 008 | s pl f |000 0 pol | ||
| 999 |
_c54656 _d54656 |
||
| 856 |
_uhttp://koha.tu.koszalin.pl/cgi-bin/koha/opac-detail.pl?biblionumber=54656 _yKatalog online BPK |
||